书目信息 |
| 题名: |
湍流理论与模拟
|
|
| 作者: | 许春晓 , 崔桂香 , 张兆顺 著 | |
| 分册: | ||
| 出版信息: | 北京 清华大学出版社 2005.09 |
|
| 页数: | 279页 | |
| 开本: | 23cm | |
| 丛书名: | 研究生力学丛书 | |
| 单 册: | ||
| 中图分类: | O357.5 | |
| 科图分类: | ||
| 主题词: | ||
| 电子资源: | ||
| ISBN: | 7-302-11468-4 | |
| 000 | 00900nam 2200229 450 | |
| 001 | CAL 012005108426 | |
| 005 | 20060525161920.93 | |
| 010 | @a7-302-11468-4@dCNY 38.00 | |
| 099 | @aCAL 012005108426 | |
| 200 | 1 | @a湍流理论与模拟@Atuan liu li lun yu mo ni@d= Theory and modeling of turbulence@f张兆顺, 崔桂香, 许春晓著@zeng |
| 210 | @a北京@c清华大学出版社@d2005.09 | |
| 215 | @a279页@c图@d23cm | |
| 225 | 2 | @a研究生力学丛书@Ayan jiu sheng li xue cong shu |
| 320 | @a有书目 (第[268]-276页) 和索引 | |
| 330 | @a本书内容包括湍流的统计和测量、湍流运动的基本方程、均匀各向同性湍流、简单剪切湍流,标量湍流、湍流直接数值模拟、雷诺平均统计、湍流大涡数值模拟等。 | |
| 510 | 1 | @aTheory and modeling of turbulence@zeng |
| 690 | @aO357.5@v4 | |
| 701 | 0 | @a许春晓@Axu chun xiao@4著 |
| 701 | 0 | @a崔桂香@Acui gui xiang@4著 |
| 701 | 0 | @a张兆顺@Azhang zhao shun@4著 |
| 801 | 0 | @c20060525 |
| 905 | @a10447@dO357.5@eZ246 | |
| 湍流理论与模拟= Theory and modeling of turbulence/张兆顺, 崔桂香, 许春晓著.-北京:清华大学出版社,2005.09 |
| 279页:图;23cm.-(研究生力学丛书) |
| ISBN 7-302-11468-4:CNY 38.00 |
| 本书内容包括湍流的统计和测量、湍流运动的基本方程、均匀各向同性湍流、简单剪切湍流,标量湍流、湍流直接数值模拟、雷诺平均统计、湍流大涡数值模拟等。 |
| ● |
| 相关链接 |
|
|
|
正题名:湍流理论与模拟
索取号:O357.5/Z246
 
预约/预借
| 序号 | 登录号 | 条形码 | 馆藏地/架位号 | 状态 | 备注 |
| 1 | 602171 | 206021712 | 自科库401/401自科库 53排7列3层/ [索取号:O357.5/Z246] | 在馆 | |
| 2 | 602172 | 206021721 | 自科库401/401自科库 53排7列3层/ [索取号:O357.5/Z246] | 在馆 |